نومة على خد الشعر : (رقم التسجيلة. 10174)

تفاصيل مارك
000 -LEADER
fixed length control field 00529nam a22001817a 4500
005 - DATE AND TIME OF LATEST TRANSACTION
control field 20251108164345.0
008 - FIXED-LENGTH DATA ELEMENTS--GENERAL INFORMATION
fixed length control field 250721s1996 xx 000 0 ara d
082 14 - DEWEY DECIMAL CLASSIFICATION NUMBER
Classification number 811.9564/درو
100 1# - MAIN ENTRY--PERSONAL NAME
Personal name درويش، أنيسة
Relator term مؤلف
245 10 - TITLE STATEMENT
Title نومة على خد الشعر :
Remainder of title شعر محكي /
264 1# - PRODUCTION, PUBLICATION, DISTRIBUTION, MANUFACTURE, AND COPYRIGHT NOTICE
Place of production, publication, distribution, manufacture رام الله :
Name of producer, publisher, distributor, manufacturer دار الكاتب،
Date of production, publication, distribution, manufacture, or copyright notice 1996.
300 ## - PHYSICAL DESCRIPTION
Extent 29ص.
650 17 - SUBJECT ADDED ENTRY--TOPICAL TERM
Topical term or geographic name as entry element الشعر النبطي
650 17 - SUBJECT ADDED ENTRY--TOPICAL TERM
Topical term or geographic name as entry element الشعر العربي
650 17 - SUBJECT ADDED ENTRY--TOPICAL TERM
Topical term or geographic name as entry element فلسطن
942 ## - ADDED ENTRY ELEMENTS (KOHA)
Source of classification or shelving scheme Dewey Decimal Classification
Koha item type كتب
المقتنيات
حالة السحب حالة الفقدان مصدر التصنيف حالة التلف غير قابل للإعارة المكتبة الرئيسية المكتبة الحالية موقع الرف تاريخ التزويد الرقم المتسلسل Total Checkouts رقم الإستدعاء الباركود تاريخ آخر ظهور تاريخ الفاتورة نوع المادة (كوها)
    Dewey Decimal Classification     المكتبة المركزية المكتبة المركزية الإعارة 12/07/2004 320268   811.9564/درو 320268 28/07/2025 12/07/2004 كتب
    Dewey Decimal Classification Unchecked   مكتبة أبو علندا العامة مكتبة أبو علندا العامة الإعارة 12/07/2004 1734   811.9564/درو   28/07/2025 12/07/2004 كتب
    Dewey Decimal Classification Unchecked   مكتبة أم قصير والمقابلين العامة مكتبة أم قصير والمقابلين العامة الإعارة 12/07/2004 5310   811.9564/درو   28/07/2025 12/07/2004 كتب
    Dewey Decimal Classification Unchecked   مكتبة الأميرة ايمان العامة مكتبة الأميرة ايمان العامة الإعارة 12/07/2004 11047   811.9564/درو   28/07/2025 12/07/2004 كتب
    Dewey Decimal Classification Unchecked   مكتبة الاميرة بديعة مكتبة الاميرة بديعة الإعارة 12/07/2004 6807   811.9564/درو   28/07/2025 12/07/2004 كتب
    Dewey Decimal Classification Unchecked   مكتبة الجويدة مكتبة الجويدة الإعارة 12/07/2004 6762   811.9564/درو   28/07/2025 12/07/2004 كتب
    Dewey Decimal Classification Unchecked   مكتبة الجويدة مكتبة الجويدة الإعارة 12/07/2004 6761   811.9564/درو   28/07/2025 12/07/2004 كتب
    Dewey Decimal Classification Unchecked   مكتبة الحسن العامة مكتبة الحسن العامة الإعارة 12/07/2004 11410   811.9564/درو   28/07/2025 12/07/2004 كتب
    Dewey Decimal Classification Unchecked   مكتبة صويلح العامة مكتبة صويلح العامة الإعارة 12/07/2004 13985   811.9564/درو   28/07/2025 12/07/2004 كتب
Implemented & Customized by: BBB with SCIT (Smart Chains for Information Technology)

Powered by Koha